Most Boring Football Leagues - Statistics

General Stats
  • This quiz has been taken 47 times
  • The average score is 9 of 13
Answer Stats
Number of Teams Won League % Correct
7 Russia
86%
5 Spain
86%
3 Ukraine
83%
2 Scotland
79%
6 Italy
76%
5 Netherlands
76%
4 Greece
74%
4 Belgium
69%
4 Croatia
69%
6 Germany
69%
6 Bulgaria
67%
5 Czech Republic
62%
5 Moldova
48%
No matching quizzes found
Score Distribution
Percent of People with Each Score
Percentile by Number Answered
Your Score History
You have not taken this quiz